Normal view
MARC view
- TELEVISION ENGINEERING-STANDARD HANDBOOK VIDEO ENGINEERING-STANDARD HANDBOOK
Entry Topical Term
001 - CONTROL NUMBER
- control field: 80516
003 - CONTROL NUMBER IDENTIFIER
- control field: NUST
005 - DATE AND TIME OF LATEST TRANSACTION
- control field: 20210628210700.0
008 - FIXED-LENGTH DATA ELEMENTS
- fixed length control field: 210628|| aca||aabn | a|a d
040 ## - CATALOGING SOURCE
- Original cataloging agency: NUST
- Transcribing agency: NUST
150 ## - HEADING--TOPICAL TERM
- Topical term or geographic name entry element: TELEVISION ENGINEERING-STANDARD HANDBOOK VIDEO ENGINEERING-STANDARD HANDBOOK
670 ## - SOURCE DATA FOUND
- Source citation: Work cat.: (NUST): Whitaker, Jerry.C Benson, K. Blair 80515, Standard handbook of video and television engineering, 2000
